| 000 | 00762cam a2200205 4500 | ||
|---|---|---|---|
| 001 | WB3548-02 | ||
| 008 | 000000n1999 000 0 eng u | ||
| 035 | _a(Sirsi) u103060 | ||
| 245 | _aSpecialists afraid to claim | ||
| 260 | _c1999 | ||
| 490 |
_aContract Journal _v 401(6254), 1 December 1999, 6(1) |
||
| 520 | _aDespite new legislation enabling subcontractors to claim interest against late payment, many firms are not doing so, either out of ignorance of the new law, or due to concerns over taking action against larger contractors. | ||
| 590 | _aWB | ||
| 650 | _aLATE PAYMENT | ||
| 650 | _aCONTRACTORS | ||
| 650 | _aSUBCONTRACTORS | ||
| 650 | _aLATE PAYMENT OF COMMERCIAL DEBTS (INTEREST) ACT 1998 | ||
| 690 | _aBUILT ENVIRONMENT | ||
| 942 | _n0 | ||
| 999 |
_c61932 _d61932 |
||